El culto moderno a los monumentos: caracteres y origen

Uloženo v:
Podrobná bibliografie
Hlavní autor: Riegl, Alois (Autor)
Médium: Kniha
Jazyk:španělština
Vydáno: Madrid Visor 1987
Edice:La balsa de la Medusa, 7
Témata:
Tagy: Přidat tag
Žádné tagy, Buďte první, kdo vytvoří štítek k tomuto záznamu!

MARC

LEADER 00000nam a2200000 a 4500
001 UCV7632
003 CL-VaPUC
008 890406e19870000SP |||||||||||||||||spa|d
082 0 4 |a 731.76  |b RIE  |2 21 
100 0 |a Riegl, Alois  |e author  |9 301764 
245 1 3 |a El culto moderno a los monumentos: caracteres y origen 
300 |a 99 p 
942 |c BK 
945 |d 19890406 00:00:00 
260 |a Madrid  |b Visor  |c 1987 
650 0 |a Monumentos  |9 265246 
583 |a last modification  |c 19890406 00:00:00  |k Rodrigo Vera 
490 0 |a La balsa de la Medusa, 7 
999 |c 213277  |d 213275 
952 |0 0  |1 0  |4 0  |6 731_760000000000000_RIE_1987  |7 0  |8 A  |9 195496  |a BIBARQ  |b BIBARQ  |d 2019-11-14  |i 2635496  |l 1  |m 1  |o 731.76 RIE 1987  |p 2635496  |r 2025-01-20  |s 2022-10-06  |w 2019-11-14  |y BK  |k ARQ 
952 |0 0  |1 0  |4 0  |6 731_760000000000000_RIE_1987  |7 0  |8 A  |9 195497  |a BIBART  |b BIBART  |d 2019-11-14  |i 3407357  |o 731.76 RIE 1987  |p 3407357  |r 2025-03-13  |w 2019-11-14  |y BK  |k ART